000 00765nam a2200241 i 4500
001 69952
003 ES-MaACL
005 20250904063051.0
007 t|
008 040713s1981 sp |||| | spa d
100 1 _aGarcía Márquez, Gabriel,
_d1927-2014
_9242191
245 1 0 _aTextos costeños /
_cGabriel García Márquez ; recopilación y prólogo de Jacques Gilard.
250 _a1ª ed.
260 _a[Barcelona] :
_bBruguera,
_c1981.
300 _a890 p. ;
_c19 cm.
490 1 _aObra periodística ;
_v1
490 1 _aNarradores de hoy ;
_v48
700 1 _aGilard, Jacques.
_956907
830 0 _aObra periodística ;
_v1
_9179973
830 0 _aNarradores de hoy ;
_v48
_9182895
852 _aES-MaACL
_jL-1071
999 _c69952
_d69952